| 000 | 00741nam a2200193 a 4500 | ||
|---|---|---|---|
| 001 | 000017880 | ||
| 005 | 20250924073802.0 | ||
| 008 | 100407s1947 dr 001 0 spa d | ||
| 040 |
_aDO-SdBNP _bspa _cBNPHU |
||
| 082 |
_axxxx _bM387c |
||
| 100 | 1 |
_aMartorell Otzet, Ramón _936385 |
|
| 245 | 1 | 0 |
_aCaracterísticas de la carta preliminar del territorio nacional / _cRamón Martorell Otzet. |
| 250 | _a2a. ed. | ||
| 260 |
_aCiudad Trujillo, República Dominicana : _bInstituto Geográfico y Geologíco _bMontalvo, _c1947. |
||
| 300 |
_a52 p. : _bil., map. ; _c25 cm. |
||
| 490 | 1 |
_aPublicaciones de la Universidad Autónoma de Santo Domingo _v36 |
|
| 830 |
_aPublicaciones de la Universidad Autónoma de Santo Domingo _v36 _952 |
||
| 049 | _aBNPD | ||
| 999 |
_c17404 _d17404 |
||